书目信息 |
| 题名: |
定量分析基础
|
|
| 作者: | 鲍祥霖 编著 | |
| 分册: | ||
| 出版信息: | 上海 上海人民出版社 2003.05 |
|
| 页数: | 221页 | |
| 开本: | 20cm | |
| 丛书名: | MPA系列教材 | |
| 单 册: | ||
| 中图分类: | O212.1-43 | |
| 科图分类: | ||
| 主题词: | 统计分析--tong ji fen xi--研究生--教材 | |
| 电子资源: | ||
| ISBN: | 7-208-04527-5 | |
| 000 | 00879nam 2200265 450 | |
| 001 | 012007684747 | |
| 005 | 20071106095222.25 | |
| 010 | @a7-208-04527-5@dCNY13.50 | |
| 100 | @a20070924d2003 km y0chiy0120 ea | |
| 101 | 0 | @achi |
| 102 | @aCN@b310000 | |
| 105 | @aa z 000yy | |
| 106 | @ar | |
| 200 | 1 | @a定量分析基础@Ading liang fen xi ji chu@f鲍祥霖编著@Fbao xiang lin bian zhu |
| 210 | @a上海@c上海人民出版社@d2003.05 | |
| 215 | @a221页@c图@d20cm | |
| 225 | 2 | @aMPA系列教材@AMPA xi lie jiao cai |
| 330 | @a本书包括统计资料的分类与整理,指数,事件与概率,随机变量与随机向量,估计与检验,线性规划和动态规划等内容。 | |
| 333 | @a专业管理人员 | |
| 410 | 0 | @12001 @aMPA系列教材 |
| 606 | 0 | @a统计分析@Atong ji fen xi@x研究生@j教材 |
| 690 | @aO212.1-43@v4 | |
| 701 | 0 | @a鲍祥霖@Abao xiang lin@4编著 |
| 801 | 0 | @aCN@b@c20071106 |
| 905 | @b264190-92@dO212.1-43@eB308@f3 | |
| 定量分析基础/鲍祥霖编著.-上海:上海人民出版社,2003.05 |
| 221页:图;20cm.-(MPA系列教材) |
| 使用对象:专业管理人员 |
| ISBN 7-208-04527-5:CNY13.50 |
| 本书包括统计资料的分类与整理,指数,事件与概率,随机变量与随机向量,估计与检验,线性规划和动态规划等内容。 |
| ● |
| 相关链接 |
|
|
|
正题名:定量分析基础
索取号:O212.1-43/B308
 
预约/预借
| 序号 | 登录号 | 条形码 | 馆藏地/架位号 | 状态 | 备注 |
| 1 | 264190 | 202641908 | 自科库401/401自科库 77排2列4层/ [索取号:O212.1-43/B308] | 在馆 | |
| 2 | 264191 | 202641917 | 自科库401/401自科库 77排2列4层/ [索取号:O212.1-43/B308] | 在馆 | |
| 3 | 264192 | 202641926 | 社科二线400B/400B社科库 31排1列1层/ [索取号:O212.1-43/B308] | 在馆 |